Elementos de prosodia y ortografía castellana; y texto de lectura para el curso correspondiente /

Guardado en:
Autor Principal: Bastianini, Rene
Formato: Libro
Publicado: Buenos Aires : A. Garcia Santos, 1921
Materias:
Etiquetas: Agregar Etiqueta
Sin Etiquetas, Sea el primero en etiquetar este registro!
LEADER 00678nam a22002175a 4500
001 CEM.cems000879
005 20060213000000.0
008 130507s1921##################000#0#####d
003 CEMS
082 0 4 |a 466 
100 1 |a Bastianini, Rene 
245 1 0 |a Elementos de prosodia y ortografía castellana; y texto de lectura para el curso correspondiente / 
260 |a Buenos Aires :  |b A. Garcia Santos,  |c 1921 
300 |a 385 p. 
653 |a Acentuacion 
653 |a Acentuacion 
653 |a Ortografia 
653 |a Ortografia 
653 |a Prosodia 
859 |a CEMS  |b BIB. CEMS - 11 de abril  |h 466  |i B296  |p 9726.81  |t Ej.1 
859 |a CEMS  |b BIB. CEMS - 11 de abril  |h 466  |i B296  |p 9790.81  |t Ej.2